000 00363nam a2200169Ia 4500
100 _aSukh Shammi
650 _aPhilosophy
942 _cBK
366 _f25
654 _aHUMAN RELATIONS
245 _aABC OF HUMAN RELATIONS.
260 _bBETTER YOURSELF BOOK
_aBandra
_c2006
082 _a170/SUK
_bSUK
300 _a147
546 _aENGLISH
999 _c31675
_d31675